skbl

Dr Suryya Kumar Bhuyan Library Web-OPAC
ডঃ সূৰ্য্য
কুমাৰ ভূঞা পুথিভঁৰাল ৱেব-অ'পেক

All Research Scholars are advised to clear the annual library fees to continue using Library Resources, Remote Access, Plagiarism Test and Library Clearance.

Cotton University Book Fair 2026

Konark (Record no. 63977)

MARC details
000 -LEADER
fixed length control field 00403nam a2200157Ia 4500
001 - CONTROL NUMBER
control field 62870
008 - FIXED-LENGTH DATA ELEMENTS--GENERAL INFORMATION
fixed length control field 180601n ii |||gr||||Z||||||465
082 ## - DEWEY DECIMAL CLASSIFICATION NUMBER
Classification number 891.431
100 ## - MAIN ENTRY--PERSONAL NAME
Personal name Mathur, Jagadish Chandra,
Relator term Author.
245 #0 - TITLE STATEMENT
Title Konark
Statement of responsibility, etc. Jagadish Chandra Mathur
Medium Textual Documents
250 ## - EDITION STATEMENT
Edition statement Ist ed - 1951.
300 ## - PHYSICAL DESCRIPTION
Extent 87p:
Dimensions 18cm.
653 ## - INDEX TERM--UNCONTROLLED
Uncontrolled term Hindi Drama
653 ## - INDEX TERM--UNCONTROLLED
Uncontrolled term G - Hindi
942 ## - ADDED ENTRY ELEMENTS (KOHA)
Source of classification or shelving scheme Dewey Decimal Classification
Koha item type Books
Holdings
Withdrawn status Lost status Damaged status Not for loan Collection Home library Current library Shelving location Date acquired Coded location qualifier Cost, normal purchase price Total checkouts Full call number Barcode Date last seen Copy number Price effective from Koha item type
          Dr. Suryya Kumar Bhuyan Library Dr. Suryya Kumar Bhuyan Library   01/06/2018 00000 30.00   891.431 Ma426Ko 91683 14/01/2024 1 01/06/2018 Books

Designed and Maintained by Team SKBL
©1901-2026

Powered by Koha